书目信息 |
| 题名: |
房屋租赁不可不知的法律常识
|
|
| 作者: | 段建辉 著 | |
| 分册: | ||
| 出版信息: | 北京 中国政法大学出版社 2015 |
|
| 页数: | 421页 | |
| 开本: | 21cm | |
| 丛书名: | 生活必备法律丛书 | |
| 单 册: | ||
| 中图分类: | D922.384 | |
| 科图分类: | ||
| 主题词: | 租房--zu fang--房地产法--基本知识--中国 | |
| 电子资源: | ||
| ISBN: | 978-7-5620-5968-4 | |
| 000 | 01007nam0 22002531 450 | |
| 001 | 0122100844 | |
| 005 | 20170322100844.0 | |
| 010 | @a978-7-5620-5968-4@dCNY39.00 | |
| 100 | @a20150626d2015 em y0chiy50 ea | |
| 101 | 0 | @achi |
| 102 | @aCN@b110000 | |
| 105 | @ay z 000yy | |
| 106 | @ar | |
| 200 | 1 | @a房屋租赁不可不知的法律常识@9fang wu zu lin bu ke bu zhi de fa lv chang shi@e案例应用版@f段建辉著 |
| 210 | @a北京@c中国政法大学出版社@d2015 | |
| 215 | @a421页@d21cm | |
| 225 | 2 | @a生活必备法律丛书@9sheng huo bi bei fa lv cong shu@f李显冬主编@v6 |
| 330 | @a本书主要介绍房屋租赁的基本理论和在房屋租赁中遇到的较为常见的问题。在简单易懂的讲述中不失专业性,案例叙述部分十分贴近生活,且内容丰富,语言简练,具有十分重要的学术研究和实践价值。 | |
| 461 | 0 | @12001 @a生活必备法律丛书@f李显冬主编@v6 |
| 606 | 0 | @a租房@9zu fang@x房地产法@x基本知识@y中国 |
| 690 | @aD922.384@v5 | |
| 701 | 0 | @a段建辉@9duan jian hui@f(1989~)@4著 |
| 801 | 0 | @aCN@bTANGWEI@c20170308 |
| 905 | @b0960262-5@dD922.384@e1536@f4 | |
| 房屋租赁不可不知的法律常识:案例应用版/段建辉著.-北京:中国政法大学出版社,2015 |
| 421页;21cm.-(生活必备法律丛书/李显冬主编;6) |
| ISBN 978-7-5620-5968-4:CNY39.00 |
| 本书主要介绍房屋租赁的基本理论和在房屋租赁中遇到的较为常见的问题。在简单易懂的讲述中不失专业性,案例叙述部分十分贴近生活,且内容丰富,语言简练,具有十分重要的学术研究和实践价值。 |
| ● |
| 相关链接 |
|
|
|
|
正题名:房屋租赁不可不知的法律常识
索取号:D922.384/1536
 
预约/预借
| 序号 | 登录号 | 条形码 | 馆藏地/架位号 | 状态 | 备注 |
| 1 | 0960262 | 209602624 | 第一样本阅览室/ [索取号:D922.384/1536] | 在馆 | |
| 2 | 0960263 | 209602633 | 密集书库-史法系/ [索取号:D922.384/1536] | 在馆 | |
| 3 | 0960264 | 209602642 | 第一借阅区/ [索取号:D922.384/1536] | 在馆 | |
| 4 | 0960265 | 209602651 | 第一借阅区/ [索取号:D922.384/1536] | 在馆 |